000 00919naa a22002777a 4500
001 BR9301662
003 BR-BrBNA
005 20240918181018.0
007 ta
008 230509b bl.||||| |||| 00| 0 por d
040 _aBR-BrBNA
_bpor
_cBiblioteca Nacional de Agricultura
041 _a(Pt)
072 _aF01
_b1540
090 _aF01 BR9301662
100 1 _aConceicao, A.J.
100 1 _aSampaio, C.V.
245 1 _aInfluencia de espacamento na cultura da mandioca, Manihot esculenta Crantz
260 3 _aCruz das Almas, BA (Brasil):
_c1977.
500 _aInforme cientifico anual, no. 1 Cruz das Almas, BA (Brasil): 1977. p. 85-87 (BR9301662-AM)F01
650 _aMandioca
650 _aEspacamento
650 _aPratica Cultural
773 0 _tInforme cientifico anual, no. 1
_wF01 BR9301662
_gCruz das Almas, BA (Brasil), 1977. p. 85-87
909 _a202404
_bLucia
_c55
_dLucia Elande
942 _cAM
_2AGRIS
999 _c323183
_d323183